| 000 | 01527aam a2200289 i 4500 | ||
|---|---|---|---|
| 001 | 768714001 | ||
| 003 | CO-MdBIC | ||
| 005 | 20211202165101.0 | ||
| 007 | ta | ||
| 008 | 211202t1959 ag |||| |||| 00| 0 spa d | ||
| 020 | _a[No incluye ISBN] | ||
| 040 |
_bspa. _aCO-MdFUSB _cCO-MdFUSB _dCO-MdFUSBC _erda |
||
| 041 | _aspa | ||
| 082 | 0 | 4 |
_a282.3 _223 _bE161q |
| 100 | 1 |
_aEberbach, Pablo Gerardo _eautor |
|
| 245 | 1 | 3 |
_aLo que el clero no quiere que se sepa! _c/ Pablo Gerardo Eberbach |
| 264 | 0 |
_aEl Paso, TX., USA : _bVerdad, _c1959 |
|
| 300 |
_a194 páginas _c; 19 cm |
||
| 336 |
_atexto _btxt _2rdacontent |
||
| 337 |
_2rdamedia _asin mediación _bn |
||
| 338 |
_2rdacarrier _avolumen _bnc |
||
| 505 | _aSeñor ¿a quien iremos? -- La Biblia. Divinamente autorizada. -- Veracidad de la Biblia. -- La Biblia y la tradición. -- La Biblia y San Pedro. -- La Biblia, Pedro y el papado. -- La Biblia y los Papas. -- La Biblia y la evolución histórica de la iglesia. -- La Biblia y la iglesia romana. -- La Biblia y la unidad de la iglesia. -- La Biblia y la apostolicidad. -- Falsa santidad de la iglesia romana. -- Falsa santidad de la iglesia romana (continuación). -- Actuación del Clero en la historia argentina. -- El Clero, la Biblia y la Enseñanza (principios Morales Negativos). -- El Clero, la Biblia y la Enseñanza (continuación). -- El Clero, la Biblia y la Enseñanza (finalidades previsibles) | ||
| 563 | _aRústico | ||
| 650 | 7 |
_941 _aClero -- _bActividad política |
|
| 942 | _cBK | ||
| 945 | _aJTF-925 | ||
| 999 |
_c38913 _d38913 |
||